01114nam a2200265Ii 45000010006000000050017000060080041000230200015000640400033000790820022001122450081001342640111002153000025003263360029003513370028003803380028004086500043004366510058004796510065005376510048006026510048006507000050006987000054007487100046008025638220260205163637.0241108s9999||||xx |||||||||||||| ||und|| a9586430006 aCO-ViMGAbspaerdacCO-ViMGA04a987.048bA18122310aActas del congreso de Angostura 1819-1820;ccompilado por Roberto Cortázar 1aBogotá : Fundación Francisco de Paula Santander, 1989bFundación Francisco de Paula Santander,c1989 a451 páginasc24 cm atextobtxt2rdacontenido ano mediadobn2rdamedio avolumenbnc2rdasoporte17aCongreso de Angostura, 1819. 2BLAAUTO 4aColombia xRelaciones exteriores y1819-1820vBLAAUTO 4aVenezuela xAdministración pública y1819-1820.vBLAAUTO 4aVenezuela xHistoria y1819-1820. vBLAAUTO 4aVenezuela xHistoria y1819-1820. vBLAAUTO1 aCuervo, Luis Augusto, 1893-1954.ecompilador.1 aCortázar Toledo, Roberto, 1884-1969ecompilador12aFundación Francisco de Paula Santander